| 000 | 00670nam a22002057a 4500 | ||
|---|---|---|---|
| 999 |
_c15642 _d15642 |
||
| 003 | AR-CdUCM | ||
| 008 | 190429b ||||| |||| 00| 0 spa d | ||
| 040 |
_aMUNICIPALIDAD PROVINCIAL DEL CUSCO _cBIBLIOTECA MUNICIPAL DEL CUSCO |
||
| 082 |
_aC / 985.664 / _bP26 |
||
| 100 |
_aParedes, Felipe _934777 |
||
| 245 | _aHistoria de una revolución / | ||
| 260 |
_aCuzco : _bGarcilaso, _c1967. |
||
| 300 |
_a42 paginas ; _c17 cm. |
||
| 505 | _aContenido : Antecedentes históricos -- La rebelión en Cotabambas. | ||
| 650 |
_aRevolución _9844 |
||
| 650 |
_aApurimac _91025 |
||
| 650 |
_aRebelión de Cotabambas _934778 |
||
| 942 |
_2ddc _cLIBROS |
||
| 945 |
_awnts _d2019-04-29 |
||